Statistics for City by Picture 9 (India)

Click here to take the quiz!

General Stats

  • This quiz has been taken 21 times
  • The average score is 5 of 6

Answer Stats

Answer% Correct
Mumbai
100%
New Delhi
100%
Kolkata
90%
Bangalore
76%
Hyderabad
76%
Chennai
71%

Score Distribution

Percentile by Number Answered

Percent of People with Each Score

Your Score History

You have not taken this quiz